[Event "JBLN West 1819"]
[Site "Germany"]
[Date "2019.03.10"]
[Round "6.2"]
[White "Isler, Benjamin"]
[Black "Bosselmann, Tom Linus"]
[Result "0-1"]
[WhiteElo "1955"]
[BlackElo "1966"]
[PlyCount "80"]
[EventDate "2018.09.23"]
[EventType "team-tourn"]
[EventRounds "9"]
[EventCountry "GER"]
[SourceTitle "EXT 2020"]
[Source "ChessBase"]
[SourceDate "2019.10.17"]
[SourceVersion "1"]
[SourceVersionDate "2019.10.17"]
[SourceQuality "1"]
[WhiteTeam "Flensburg U20"]
[BlackTeam "Luebeck SV U20"]
[WhiteTeamCountry "GER"]
[BlackTeamCountry "GER"]

1. e4 c5 2. d4 cxd4 3. c3 d5 4. cxd4 dxe4 5. Nc3 Nf6 6. f3 exf3 7. Nxf3 e6 8. Bc4 a6 9. 0-0 b5 10. Bb3 Be7 11. Ne5 Qb6 12. Be3 Bb7 13. Qe2 Qd6 14. Qf2 0-0 15. Rad1 b4 16. Na4 Be4 17. Nc5 Bg6 18. Bf4 Qd8 19. Nxg6 hxg6 20. Bc2 Nbd7 21. Nd3 Nb6 22. Qe2 Nbd5 23. Ne5 Qb6 24. Bg3 Rac8 25. Rf3 Rc7 26. Bf2 Rfc8 27. Bd3 Rc1 28. Rh3 Nf4 29. Qd2 Nxh3+ 30. gxh3 Qc7 31. Bg3 Rxd1+ 32. Qxd1 Qc1 33. Qxc1 Rxc1+ 34. Kf2 Nd5 35. Ke2 Nb6 36. Bf4 Ra1 37. Nc6 Bf8 38. Kd2 Rxa2 39. Kc2 Ra1 40. Bc1 b3+ 0-1

[Event "GER-ch U25-A"]
[Site "Willingen"]
[Date "2016.05.15"]
[Round "1"]
[White "Isler, Benjamin"]
[Black "Terhuven, Patrick"]
[Result "0-1"]
[WhiteElo "1700"]
[BlackElo "2125"]
[PlyCount "58"]
[EventDate "2016.05.15"]
[EventType "swiss"]
[EventRounds "9"]
[EventCountry "GER"]
[SourceTitle "CBM 172 Extra"]
[Source "ChessBase"]
[SourceDate "2016.06.21"]
[SourceVersion "1"]
[SourceVersionDate "2016.06.21"]
[SourceQuality "1"]

1. e4 c5 2. c4 Nc6 3. Nf3 g6 4. Nc3 Bg7 5. d3 d6 6. Be2 e5 7. Bg5 f6 8. Be3 Nge7 9. 0-0 0-0 10. a3 f5 11. Bg5 f4 12. Bxe7 Nxe7 13. b4 Nc6 14. Rb1 h5 15. h3 Rf7 16. Nd5 Bf8 17. h4 Bh6 18. Kh1 Bg4 19. g3 Qd7 20. Kh2 Raf8 21. Rg1 fxg3+ 22. Rxg3 Ne7 23. Ng5 Rxf2+ 24. Kg1 Bxe2 25. Qe1 Rf1+ 26. Qxf1 Rxf1+ 27. Rxf1 Nxd5 28. exd5 Bxf1 29. Ne4 Qf5 0-1

[Event "Kiel op 28th"]
[Site "Kiel"]
[Date "2015.07.27"]
[Round "5"]
[White "Goetz, Dirk"]
[Black "Isler, Benjamin"]
[Result "1-0"]
[WhiteElo "1798"]
[BlackElo "1704"]
[PlyCount "63"]
[EventDate "2015.07.25"]
[EventType "swiss"]
[EventRounds "9"]
[EventCountry "GER"]
[SourceTitle "CBM 167 Extra"]
[Source "ChessBase"]
[SourceDate "2015.09.14"]
[SourceVersion "1"]
[SourceVersionDate "2015.09.14"]
[SourceQuality "1"]

1. d4 e6 2. Nf3 d5 3. e3 c5 4. c3 Nc6 5. Bd3 Bd6 6. 0-0 e5 7. e4 Nge7 8. exd5 Nxd5 9. dxe5 Nxe5 10. Bb5+ Nc6 11. Bxc6+ bxc6 12. Re1+ Ne7 13. Ne5 Qc7 14. Nf3 0-0 15. Nbd2 Bg4 16. Qa4 Bh5 17. Qh4 Bg6 18. Qc4 Rfe8 19. Ne4 Nd5 20. Nxd6 Qxd6 21. Bg5 f6 22. Bh4 Bf7 23. Bg3 Qf8 24. Qa4 Rxe1+ 25. Rxe1 Qc8 26. Qa5 c4 27. Qc5 Qa6 28. a3 Rc8 29. Nd4 Nb6 30. Nxc6 Na4 31. Ne7+ Kf8 32. Qxc8+ 1-0

[Event "Kiel op 28th"]
[Site "Kiel"]
[Date "2015.07.26"]
[Round "4"]
[White "Isler, Benjamin"]
[Black "Schulz, Gerhard1"]
[Result "1/2-1/2"]
[WhiteElo "1704"]
[BlackElo "1858"]
[PlyCount "53"]
[EventDate "2015.07.25"]
[EventType "swiss"]
[EventRounds "9"]
[EventCountry "GER"]
[SourceTitle "CBM 167 Extra"]
[Source "ChessBase"]
[SourceDate "2015.09.14"]
[SourceVersion "1"]
[SourceVersionDate "2015.09.14"]
[SourceQuality "1"]

1. b4 c6 2. e3 Qb6 3. c3 a5 4. Qb3 axb4 5. cxb4 e6 6. Bb2 Nf6 7. b5 c5 8. d3 d5 9. Nf3 Be7 10. a4 0-0 11. Nbd2 Nbd7 12. Qc3 Ne8 13. Qc2 Bf6 14. d4 c4 15. e4 Be7 16. e5 Qa5 17. Be2 Bb4 18. Bc1 Nc7 19. Ng5 g6 20. h4 Bc3 21. Bb2 Bxb2 22. Qxb2 c3 23. Qc2 cxd2+ 24. Kd1 f6 25. h5 fxg5 26. hxg6 Rf5 27. Rxh7 1/2-1/2

[Event "Kiel op 28th"]
[Site "Kiel"]
[Date "2015.07.25"]
[Round "1"]
[White "Isler, Benjamin"]
[Black "Hilbig, Dieter"]
[Result "0-1"]
[WhiteElo "1704"]
[BlackElo "2067"]
[PlyCount "54"]
[EventDate "2015.07.25"]
[EventType "swiss"]
[EventRounds "9"]
[EventCountry "GER"]
[SourceTitle "CBM 167 Extra"]
[Source "ChessBase"]
[SourceDate "2015.09.14"]
[SourceVersion "1"]
[SourceVersionDate "2015.09.14"]
[SourceQuality "1"]

1. b4 c6 2. e3 Qb6 3. a3 a5 4. c3 Nf6 5. Qb3 d5 6. d3 g6 7. Nd2 Bg7 8. Bb2 0-0 9. Ngf3 Bg4 10. h3 Bxf3 11. Nxf3 Nbd7 12. d4 Qc7 13. b5 Rac8 14. Rc1 Ne4 15. c4 cxb5 16. c5 b6 17. Qxd5 Ndf6 18. Qb3 bxc5 19. Bxb5 Qb6 20. a4 cxd4 21. Nxd4 Rxc1+ 22. Bxc1 Re8 23. Bd2 Nxd2 24. Kxd2 Ne4+ 25. Ke2 Bxd4 26. exd4 Qxd4 27. Rf1 Qd2+ 0-1

[Event "Kiel op 28th"]
[Site "Kiel"]
[Date "2015.07.25"]
[Round "2"]
[White "Janse, Alexander"]
[Black "Isler, Benjamin"]
[Result "1-0"]
[WhiteElo "1936"]
[BlackElo "1704"]
[PlyCount "93"]
[EventDate "2015.07.25"]
[EventType "swiss"]
[EventRounds "9"]
[EventCountry "GER"]
[SourceTitle "CBM 167 Extra"]
[Source "ChessBase"]
[SourceDate "2015.09.14"]
[SourceVersion "1"]
[SourceVersionDate "2015.09.14"]
[SourceQuality "1"]

1. e4 e6 2. Nc3 d5 3. Qe2 Nf6 4. d3 c5 5. g3 d4 6. Nd1 e5 7. Bg2 Nc6 8. f4 h5 9. Nf3 Bg4 10. Nf2 Qc7 11. f5 Bd6 12. h3 Bxf3 13. Bxf3 Nb4 14. a3 Qa5 15. 0-0 Nc6 16. Bg5 Qd8 17. Bxh5 Be7 18. Bf3 Nh7 19. Bd2 Bg5 20. Bg2 Qf6 21. Ng4 Qd6 22. Bxg5 Nxg5 23. h4 Nh7 24. Nh2 0-0-0 25. Rfb1 g6 26. Qe1 Rdg8 27. b4 gxf5 28. exf5 e4 29. dxe4 Rxg3 30. bxc5 Qf4 31. Rb3 Rhg8 32. Rxg3 Rxg3 33. Qf2 Qxf2+ 34. Kxf2 Rc3 35. Ra2 Rxc5 36. Nf3 Ne5 37. Nxd4 Rc4 38. Nb5 Ra4 39. c3 Nc4 40. Kg3 a6 41. Nd4 Rxa3 42. Rxa3 Nxa3 43. e5 b6 44. f6 Nc4 45. Kf4 Nxf6 46. exf6 Kd8 47. h5 1-0

[Event "Schleswig Holstein-ch Seniors"]
[Site "Hanerau"]
[Date "2015.03.28"]
[Round "1"]
[White "Isler, Benjamin"]
[Black "Uschner, Matthias"]
[Result "1/2-1/2"]
[WhiteElo "1721"]
[BlackElo "1455"]
[PlyCount "43"]
[EventDate "2015.03.28"]
[EventType "swiss"]
[EventRounds "9"]
[EventCountry "GER"]
[SourceTitle "EXT 2018"]
[Source "ChessBase"]
[SourceDate "2017.10.13"]
[SourceVersion "1"]
[SourceVersionDate "2017.10.13"]
[SourceQuality "1"]

1. e4 c5 2. Nf3 d6 3. c3 Nf6 4. Be2 Nc6 5. d3 e6 6. Bg5 Be7 7. Nbd2 h6 8. Bh4 0-0 9. 0-0 Nh7 10. Bxe7 Qxe7 11. d4 cxd4 12. cxd4 Ng5 13. Nxg5 Qxg5 14. Nf3 Qe7 15. e5 dxe5 16. Nxe5 Nxe5 17. dxe5 Rd8 18. Qc2 b6 19. Rfd1 Bb7 20. Bd3 Rac8 21. Qe2 Qg5 22. Be4 1/2-1/2